| 000 | 00720cam a22002292 4500 | ||
|---|---|---|---|
| 001 | 0000005197 | ||
| 005 | 20151217151955.0 | ||
| 008 | 070608s xx 000 0 eng d | ||
| 020 | _a8120323858 : | ||
| 040 |
_aKABU _cKABU |
||
| 050 | 0 |
_aTK5105.59 _b.S73 2003 |
|
| 100 | 1 |
_aStallings, William. _@0000148223 |
|
| 245 | 1 | 0 |
_aCryptography and network security : _bprinciples and practice / _cWilliam Stallings. |
| 250 | _a3rd ed. | ||
| 260 |
_aNew Delhi : _bPrentice Hall, _c2003. |
||
| 300 | _axiv, 681 p. | ||
| 650 | 0 |
_aComputer networks _xSecurity measures. _@0000148224 |
|
| 650 | 0 |
_aCryptography. _@0000067596 |
|
| 908 | _a070608 | ||
| 950 | _@1 | ||
| 999 |
_c6902 _d6902 |
||